|
|
|
|
| LEADER |
00655cam a2200193 7i4500 |
| 001 |
0000007591 |
| 005 |
20170218090000.0 |
| 020 |
|
|
|a 9812325220 (pbk.)
|
| 020 |
|
|
|a 9789812325228
|
| 090 |
0 |
0 |
|a HF5549.5
|b .W57 2003
|
| 100 |
1 |
|
|a Williams, Larry R.,
|c Dr
|
| 245 |
1 |
0 |
|a Keep 'em motivated :
|b a practical guide to motivating employees
|c Dr. Larry R. Williams.
|
| 260 |
|
|
|a Singapore:
|b Times Edition,
|c 2003.
|
| 300 |
|
|
|a 136 p.:
|b ill.;
|c 21 cm.
|
| 500 |
|
|
|a Includes index
|
| 650 |
0 |
0 |
|a Employee motivation
|
| 997 |
|
|
|a Business & Accountancy, Faculty
|
| 998 |
|
|
|a Human Resource Management, Degree
|
| 999 |
|
|
|a 0000009569
|b BOK
|c OPEN SHELF
|e 1st Floor, Shah Alam
|